| 000 | 00677nam a2200217Ia 4500 | ||
|---|---|---|---|
| 001 | 12822 | ||
| 003 | GE_BSU | ||
| 008 | 181216s||||||||xx |||||||||||||| ||und|| | ||
| 040 | _cGE_BSU | ||
| 080 | _a634.1 | ||
| 100 | _aШитт,П.Т. | ||
| 245 | _aБиологические основы агротехники плодоводства | ||
| 260 | _aМосква | ||
| 260 | _bСельхозгиз | ||
| 260 | _c1952 | ||
| 300 | _a360стр.илл.фото.20см. | ||
| 653 | _aБиологические основы агротехники плодоводства | ||
| 653 | _aაგროტექნიკა | ||
| 653 | _aბიოლოგია | ||
| 942 | _cBK | ||
| 999 |
_c45993 _d45993 |
||